000 00609nam a2200229Ia 4500
003 OSt
005 20220928103151.0
006 a|||||r|||| 00| 0
007 ta
008 220927b |||||||| |||| 00| 0 eng d
024 _a34057
037 _cTextual
040 _aSDCL
_cSDCL
_beng
041 _2eng
_aeng
082 _aT:34, L2
100 _aPushkin V N Ed.
_9402694
245 0 _aProblems of heuristics.
260 _aJerusalem
_bIsrael Program for Scientific Translations
_c1972
300 _a202p
_ccm.
942 _hT:34, L2
_cTEXL
_2CC
999 _c718518
_d718518